Montesquieu / (Record no. 183195)
[ view plain ]
| 000 -LEADER | |
|---|---|
| campo de control de longitud fija | 00784nam a2200217 i 4500 |
| 001 - NÚMERO DE CONTROL | |
| campo de control | 183195 |
| 003 - IDENTIFICADOR DE NÚMERO DE CONTROL | |
| campo de control | ES-MaACL |
| 005 - FECHA Y HORA DE LA ÚLTIMA TRANSACCIÓN | |
| campo de control | 20251120165643.0 |
| 008 - DATOS DE LONGITUD FIJA--INFORMACIÓN GENERAL | |
| campo de control de longitud fija | 140129s2000 mx |||| | spa d |
| 020 ## - NÚMERO INTERNACIONAL ESTÁNDAR DEL LIBRO | |
| Número Internacional Estándar del Libro | 968-16-6003-4 |
| 100 1# - ENTRADA PRINCIPAL--NOMBRE DE PERSONA | |
| Nombre de persona | Starobinski, Jean. |
| 9 (RLIN) | 107937 |
| 245 10 - MENCIÓN DEL TÍTULO | |
| Título | Montesquieu / |
| Mención de responsabilidad, etc. | por Jean Starobinski. |
| 250 ## - MENCION DE EDICION | |
| Mención de edición | [2ª ed. en español]. |
| 260 ## - PUBLICACIÓN, DISTRIBUCIÓN, ETC. | |
| Lugar de publicación, distribución, etc. | México : |
| Nombre del editor, distribuidor, etc. | Fondo de Cultura Económica, |
| Fecha de publicación, distribución, etc. | 2000. |
| 300 ## - DESCRIPCIÓN FÍSICA | |
| Extensión | 291 p. [32] p. de il. ; |
| Dimensiones | 17 cm. |
| 490 1# - MENCIÓN DE SERIE | |
| Mención de serie | Breviarios del Fondo de Cultura Económica ; |
| Designación de volumen o secuencia | 479 |
| 600 14 - PUNTO DE ACCESO ADICIONAL DE MATERIA--NOMBRE DE PERSONA | |
| Nombre de persona | Montesquieu, Charles-Louis de Secondat, |
| Títulos y otros términos asociados al nombre | baron de, |
| Fechas asociadas al nombre | 1689-1755 |
| 9 (RLIN) | 82608 |
| 830 0# - PUNTO DE ACCESO ADICIONAL DE SERIE-TÍTULO UNIFORME | |
| Título uniforme | Breviarios del Fondo de Cultura Económica ; |
| Designación de volumen o secuencia | 479 |
| 9 (RLIN) | 179682 |
| 852 ## - LOCALIZACIÓN | |
| Ubicación | ES-MaACL |
| Número de control de estantería | L-30011 |
| Nota libre | .- Donat. Miguel A. Velasco |
| Estatus retirado | Estado de pérdida | Estado de daño | No para préstamo | Biblioteca de origen | Biblioteca actual | Ubicación en estantería | Fecha de adquisición | Fuente de adquisición | Total de préstamos | Signatura topográfica completa | Código de barras | Visto por última vez | Precio de reemplazo | Tipo de ítem Koha |
|---|---|---|---|---|---|---|---|---|---|---|---|---|---|---|
| Biblioteca del Ateneo de Madrid | Biblioteca del Ateneo de Madrid | Depósito 2 | 29/01/2014 | L-30011 | 1192540 | 23/02/2023 | 23/02/2023 | Libro impreso |
